Ανάλυση λόγου : θεωρία και μέθοδος

Το βιβλίο αυτό προσφέρει μια συστηματική και ιδαίτερα προσβάσιμη εισαγωγή στην ανάλυση του λόγου, σε θεωρητικό και μεθοδολογικό επίπεδο. Επικεντρώνοντας σε τρεις βασικές προσεγγίσεις -τη θεωρία του λόγου των Laclau και Mouffe, την κριτική ανάλυση λόγου και τη λογοψυχολογία-, τις εμπλέκει σε έναν πρω...

Πλήρης περιγραφή

Αποθηκεύτηκε σε:
Λεπτομέρειες βιβλιογραφικής εγγραφής
Κύριος συγγραφέας: Phillips, Louise
Άλλοι συγγραφείς: Jorgensen, Marianne W., Σταυρακάκης, Γιάννης (Επιμελητής έκδοσης), Κιουπκιολής, Αλέξανδρος (Μεταφραστής)
Μορφή: Βιβλίο
Γλώσσα:Greek
English
Δημοσίευση: Αθήνα : Παπαζήσης, 2009.
Σειρά:Κοινωνία, πολιτική και μέσα επικοινωνίας (Παπαζήσης)
Θέματα:
Ετικέτες: Προσθήκη ετικέτας
Δεν υπάρχουν, Καταχωρήστε ετικέτα πρώτοι!

MARC

LEADER 00000cam a2200000 i 4500
001 1/63188
008 150113s2009 gr | ||| |||| ||gre||
020 |a 9789600223576  
020 |a 9600223572  
035 |l 10120367 
040 |a GR-MY-UA  |b gre  |e aacr 
041 1 |a gre  |h eng 
082 7 |a 401.41   |2 (23) 
100 1 |a Phillips, Louise. 
245 1 0 |a Ανάλυση λόγου :   |b θεωρία και μέθοδος /   |c Louise Phillips & Marianne W. Jorgensen ; μετάφραση: Κιουπκιολής Αλέξανδρος ; επιστημονική επιμέλεια: Σταυρακάκης Γιάννης.  
260 |a Αθήνα :   |b Παπαζήσης,   |c 2009.  
300 |a 381 σ. ;   |c 21 εκ. 
490 1 |a (Κοινωνία, πολιτική και μέσα επικοινωνίας / Παπαζήσης)  
500 |a Μετάφραση του: Discourse analysis as theory and method 
520 |a Το βιβλίο αυτό προσφέρει μια συστηματική και ιδαίτερα προσβάσιμη εισαγωγή στην ανάλυση του λόγου, σε θεωρητικό και μεθοδολογικό επίπεδο. Επικεντρώνοντας σε τρεις βασικές προσεγγίσεις -τη θεωρία του λόγου των Laclau και Mouffe, την κριτική ανάλυση λόγου και τη λογοψυχολογία-, τις εμπλέκει σε έναν πρωτότυπο και ιδιαίτερα παραγωγικό διάλογο. Η "Ανάλυση λόγου: Θεωρία και μέθοδος" αναλύει τις τρεις αυτές προσεγγίσεις με απλό και κατανοητό τρόπο και εξηγεί τις φιλοσοφικές προκείμενες, τους θεωρητικούς προσανατολισμούς και τις μεθοδολογικές κατευθύνσεις στις οποίες στηρίζεται κάθε μια από αυτές. Ιδιαίτερο βάρος δίνεται στις δυνατότητες που προσφέρει η ανάλυση λόγου στην κριτική εμπειρική έρευνα, με τη χρήση πολλαπλών παραδειγμάτων. Πρόκειται για έναν αξιόπιστο εισαγωγικό οδηγό, χρήσιμο σε φοιτητές προπτυχιακού και μεταπτυχιακού επιπέδου και σε ερευνητές των κοινωνικών και ανθρωπιστικών επιστημών, ιδιαίτερα δε κλάδων όπως η κοινωνιολογία, η κοινωνική ψυχολογία, η πολιτική επιστήμη, η κοινωνική ανθρωπολογία, η γλωσσολογία, οι επικοινωνιακές και πολιτισμικές σπουδές. 
650 0 0 |a Discourse analysis. 
700 1 |a Jorgensen, Marianne W. 
700 1 |a Σταυρακάκης, Γιάννης,  |e edt 
700 1 |a Κιουπκιολής, Αλέξανδρος,  |e trl 
830 0 |a Κοινωνία, πολιτική και μέσα επικοινωνίας (Παπαζήσης) 
852 |a INST  |b LESVOS  |c EUDOXUS  |e 20150113  |h 401.41 PHI  |p 005100056355  |q 005100056355  |r 1  |t EDX  |y 8 
901 |a BIBL1-2015-1 
909 |a Λ  |b 191405 
920 |a ΕΥΔΟΞΟΣ  |b ΠΑΡΑΓΓΕΛΙΑ  |y Λέσβος  |z 2014-11 
970 |a ΤΖΑΦΕΡΗ  |b ΕΥΑΓΓΕΛΙΑ  |z 2015/01/13